Financial Accounting/ (Record no. 186336)

MARC details
000 -LEADER
fixed length control field 00710nam a2200205 4500
005 - DATE AND TIME OF LATEST TRANSACTION
control field 20220223154709.0
010 ## - LCCN (DPL NO)
LC control number ENG-131771
020 ## - INTERNATIONAL STANDARD BOOK NUMBER
International Standard Book Number 9789391420017
Terms of availability 334.00
035 ## - SYSTEM CONTROL NUMBER
System control number EN-115303
037 ## - SOURCE OF ACQUISITION
Source of stock number/acquisition DBAD/PUB
082 ## - DEWEY DECIMAL CLASSIFICATION NUMBER
Classification number 657
100 ## - MAIN ENTRY--PERSONAL NAME
Personal name Sambasivaiah,M.
245 ## - TITLE STATEMENT
Title Financial Accounting/
Statement of responsibility, etc M. Sambasivaiah, S.V.S. Shastry and M. V. Ramesh
260 ## - PUBLICATION, DISTRIBUTION, ETC. (IMPRINT)
Place of publication, distribution, etc Hyderabad
Name of publisher, distributor, etc SevenHills International Publishers
Date of publication, distribution, etc 2021
270 ## - ADDRESS
Address #326/C, Level - 4, Surneni Nilayam Near B K Guda Park, S R Nagar
City Hyderabad
Postal code 500038
Telephone number 011238000657
Electronic mail address studentshelpline.in@gmail.com
300 ## - PHYSICAL DESCRIPTION
Extent viii,344p.
Dimensions 24cm(pbk)
700 ## - ADDED ENTRY--PERSONAL NAME
Personal name Shastry, S.V.S
700 ## - ADDED ENTRY--PERSONAL NAME
Personal name Ramesh, M.V.
942 ## - ADDED ENTRY ELEMENTS (KOHA)
Source of classification or shelving scheme Dewey Decimal Classification
Item type English Books
Classification part 657
Call number suffix SAM
Holdings
Withdrawn status Lost status Not for loan Collection code Home library Current library Date acquired Source of acquisition Cost, normal purchase price Full call number Barcode Copy number Cost, replacement price Koha item type
      Non-fiction Patel Nagar Patel Nagar 23/02/2022 DBAD/PUB 334.00 657 SAM EN-115303 1 334.00 English Books

© Delhi Public Library
Hit Counter
free hit counter